| 000 | 00556nam a2200145Ia 4500 | ||
|---|---|---|---|
| 008 | 170221s9999 xx 000 0 und d | ||
| 100 | _aGhazal Bargshady | ||
| 245 | 2 | _aA Relational Study of Supply Chain Agility and Firms’ Performance in the Services Providers | |
| 245 | _cGhazal Bargshady, Ali Chegeni, Shayan Kamranvand, Seyed Mojib Zahraee | ||
| 260 | _bInternational Review of Management and Marketing | ||
| 260 | _cSeptember 2016 | ||
| 300 | _a5:3 | ||
| 650 | _xMarketing. | ||
| 856 | _uhttp://www.econjournals.com/index.php/irmm/issue/view/77 | ||
| 999 |
_c309980 _d309980 |
||